00424pab a2200157 454500008004000000100001900040245004300059260000900102300001300111362001000124650003900134650002200173700001500195700002200210773003400232180718b2010 xxu||||| |||| 00| 0 eng d aPadhi, Ranjana aHow many more arrests will Orissa see? c2010 ap.24-26. a6 Mar aProtest movements - India - Orissa aProtest movements aManjil, D. aPradhan, Prmodini aEconomic and Political Weekly